| 000 | 01599 aa a2200313 4500 | ||
|---|---|---|---|
| 005 | 20120621114914.0 | ||
| 008 | 081103t xxu||||| |||| 00| 0 hin d | ||
| 010 | _a | ||
| 020 |
_a8186098542 _c240.00 |
||
| 035 | _aB-143513 | ||
| 037 | _bDBAD / VEN नारायण प्रकाशन | ||
| 040 |
_aDPL _bHN |
||
| 082 | _a616.462 | ||
| 100 |
_aनागेन्द्र कुमार 'नीरज' _949391 |
||
| 245 |
_aमधुमेह लाइलाज नहीं है / _cनागेन्द्र कुमार 'नीरज' |
||
| 246 |
_aMadhumaih laailaaja nahi hai _bby Nagendra Kumar 'Neeraj' |
||
| 250 | _a | ||
| 260 |
_aजयपुर _bनारायण प्रकाशन _c2005 |
||
| 260 |
_aजयपुर _bपापुलर बुक डिपो (वितरक) |
||
| 270 |
_aजी-15,एस.एस.टॉवर,धामाणी गली,चौड़ा रास्ता _bजयपुर _e302003 |
||
| 270 |
_aजी-15,एस.एस.टॉवर,धामाणी गली,चौड़ा रास्ता _bजयपुर _e302003 |
||
| 300 |
_a245पृ _c22सेमी (सजिल्द) |
||
| 650 |
_aमधुमेह _949392 |
||
| 650 |
_aDiabetes _949393 |
||
| 650 |
_aस्वास्थ्य _949394 |
||
| 650 |
_aHealth _949395 |
||
| 942 |
_adpl _cHN _2ddc _mनागेन्द्र _h616.462 |
||
| 999 |
_c68098 _d68098 |
||